| 000 | 00500nam a22001457a 4500 | ||
|---|---|---|---|
| 020 | _a978-1-862-30559-5 | ||
| 082 |
_a823 _bCOL/A |
||
| 100 | _aCOLE, STEVE | ||
| 245 |
_aASTROSAURS ACADEMY _b JUNGLE HORROR! |
||
| 260 |
_aUNITED KINGDOM _bRED FOX _c2009 |
||
| 300 | _a114 | ||
| 520 | _aTeggs and the gang are shocked when all the teachers at Astrosaurs Academy disappear suddenly. Apparently they're on an emergency conference in a safari ... | ||
| 650 |
_aADVENTURE STORY _zUNITED KINGDOM |
||
| 942 | _cBK | ||
| 999 |
_c6141 _d6141 |
||